00926nam a2200193 a 450000100100000000500170001000800410002704000250006808200240009311001050011724500980022226000700032030000240039050001020041465000400051665100680055665000470062465000610067100002148420200930011337.0100908s2001 dr ad r 000 0 spa d aDO-SdBNPbspacBNPHU a352.48bR426p, 20011 aRepública Dominicana.bSecretariado Técnico de la Presidencia.bOficina Nacional de Presupuesto. 0aPresupuestos de ingresos y gastos de las instituciones descentralizadas y autónomas 2001 /. aSanto Domingo :bSecretariado Técnico de la Presidencia,c2001. av. :bil. ;c28 cm. aPublicación complementaria al presupuesto de ingresos y ley de gastos públicos del año 1988 4aPresupuestozRepública Dominicana 4aRepública DominicanaxGastos Presupuestarios Públicosy2001 4aHacienda públicazRepública Dominicana 4aPresupuestoxLegislaciónzRepública Dominicanay2001